[Event "Western Asia-ch U20"]
[Site "Colombo"]
[Date "2023.11.30"]
[Round "1"]
[White "Samaranayake, Pamok Methdinu"]
[Black "Liyanage, Ranindu Dilshan"]
[Result "0-1"]
[WhiteElo "1720"]
[BlackElo "2400"]
[PlyCount "120"]
[EventDate "2023.11.30"]
[EventType "swiss"]
[EventRounds "9"]
[EventCountry "SRI"]
[SourceTitle "CB50_2023"]
[SourceDate "2023.12.13"]
[SourceVersion "1"]
[SourceVersionDate "2023.12.13"]
[SourceQuality "1"]

1. d4 e6 2. Bf4 d5 3. Nc3 Bd6 4. e3 Nf6 5. Nf3 a6 6. Ne5 b5 7. a3 Bb7 8. Bd3 c5 9. g4 c4 10. Be2 Ne4 11. Nxe4 dxe4 12. g5 Bxe5 13. Bxe5 Qxg5 14. h4 Qe7 15. Bxg7 Rg8 16. Be5 Nd7 17. Bg3 Nb6 18. Qd2 Rc8 19. c3 a5 20. Rb1 Nd5 21. Bf1 Kd7 22. b3 Qxa3 23. bxc4 Nxc3 24. Rc1 Nd5 25. Rb1 Nb4 26. c5 Bc6 27. Be2 Nd5 28. 0-0 Qc3 29. Qa2 f5 30. Rb3 Nb4 31. Rxc3 Nxa2 32. Ra3 Nb4 33. Rxa5 Ra8 34. Rfa1 Nd3 35. Ra7+ Rxa7 36. Rxa7+ Kd8 37. Kf1 b4 38. Bd1 f4 39. exf4 e3 40. Bc2 Nxf4 41. fxe3 Rxg3 42. exf4 b3 43. Bxh7 b2 44. Kf2 Rf3+ 45. Ke2 Rxf4 46. Ra2 Rxh4 47. Bd3 Bb5 48. Ra8+ Kc7 49. Ra7+ Kb8 50. Bxb5 b1Q 51. Bd3 Rh2+ 52. Ke3 Rh3+ 53. Kf2 Qb2+ 54. Be2 Kxa7 55. c6 Qxd4+ 56. Ke1 Rh1+ 57. Bf1 Qe3+ 58. Kd1 Rxf1+ 59. Kc2 Rf2+ 60. Kb1 Qe1# 0-1

[Event "SRI-ch"]
[Site "Colombo"]
[Date "2023.04.01"]
[Round "8"]
[White "Samaranayake, Pamok Methdinu"]
[Black "Gunasekara, WAN Senpathi"]
[Result "1-0"]
[WhiteElo "1570"]
[BlackElo "1558"]
[PlyCount "101"]
[EventDate "2023.03.25"]
[EventType "tourn"]
[EventRounds "13"]
[EventCountry "SRI"]
[SourceTitle "CBM 213 Extra"]
[Source "ChessBase"]
[SourceDate "2023.05.31"]
[SourceVersion "1"]
[SourceVersionDate "2023.05.31"]
[SourceQuality "1"]

1. e4 e5 2. Nf3 Nc6 3. Bc4 f5 4. d4 exd4 5. e5 d5 6. Bb5 Bb4+ 7. Bd2 Bxd2+ 8. Nbxd2 Nge7 9. Nxd4 0-0 10. Bxc6 bxc6 11. 0-0 f4 12. b4 Qe8 13. Re1 Qg6 14. Kh1 Bg4 15. f3 Bf5 16. N2b3 a5 17. Qd2 a4 18. Nc5 Qh6 19. e6 Rfe8 20. Re5 Bg6 21. Rae1 Rab8 22. Qc3 Rb5 23. Nxa4 Ra8 24. Nxb5 Rxa4 25. Nd4 Rxa2 26. Qb3 Ra8 27. b5 Rb8 28. Qb4 Qh4 29. Qc5 cxb5 30. Nc6 Nxc6 31. Qxc6 d4 32. Qxc7 Re8 33. Qd7 Qf2 34. R5e2 Qh4 35. Qxd4 Bxc2 36. Qd7 Bg6 37. Qxb5 h6 38. Rd1 Qf6 39. Qe5 Qf8 40. e7 Qf7 41. Rd8 Qb3 42. Re1 Qb4 43. Rd4 Qc3 44. Rxf4 Qd2 45. Rg4 Kh7 46. h4 h5 47. Rg5 Qf2 48. Qg3 Qb6 49. f4 Qd6 50. f5 Qxg3 51. fxg6+ 1-0

[Event "SRI-chB"]
[Site "Colombo"]
[Date "2023.03.12"]
[Round "10"]
[White "De Silva, Osheen"]
[Black "Samaranayake, Pamok Methdinu"]
[Result "0-1"]
[WhiteElo "1712"]
[BlackElo "1570"]
[PlyCount "146"]
[EventDate "2023.03.04"]
[EventType "swiss"]
[EventRounds "11"]
[EventCountry "SRI"]
[SourceTitle "CBM 213 Extra"]
[Source "ChessBase"]
[SourceDate "2023.05.31"]
[SourceVersion "1"]
[SourceVersionDate "2023.05.31"]
[SourceQuality "1"]

1. e4 c6 2. d4 d5 3. Nc3 dxe4 4. Nxe4 Bf5 5. Ng3 Bg6 6. h4 h6 7. Nf3 e6 8. h5 Bh7 9. Bd3 Bxd3 10. Qxd3 Nd7 11. Bf4 Qa5+ 12. Bd2 Bb4 13. c3 Be7 14. c4 Bb4 15. Ne4 Bxd2+ 16. Nfxd2 Qc7 17. c5 Ngf6 18. Nd6+ Ke7 19. Qg3 Ne8 20. Qh4+ Kf8 21. Nxe8 Rxe8 22. f4 Nf6 23. Nc4 Rd8 24. 0-0-0 Rd5 25. Ne5 Qe7 26. Qf2 Ke8 27. Rh3 Nd7 28. Nc4 Nb8 29. Rb3 Kf8 30. Nd6 b6 31. Nc8 Qb7 32. cxb6 a6 33. Na7 Ke7 34. Qd2 Rhd8 35. Qc3 c5 36. Re1 cxd4 37. Qb4+ Ke8 38. Rd3 Nc6 39. Nxc6 Qxc6+ 40. Kb1 Rb5 41. Qd2 Qxb6 42. g4 Kf8 43. Rc1 a5 44. Rc4 Rbd5 45. Rb3 Qa6 46. Rc7 R5d7 47. Rxd7 Rxd7 48. Rd3 Qc4 49. b3 Qb4 50. Qc2 Ke7 51. Kb2 Qd6 52. Qd2 Qd5 53. a4 f6 54. b4 axb4 55. Qxb4+ Kf7 56. Ka3 Qe4 57. Qd2 Qh1 58. Qb2 Qe4 59. Qd2 e5 60. fxe5 fxe5 61. Qf2+ Ke7 62. Rf3 Qd5 63. Qh4+ Ke6 64. Rb3 Qc5+ 65. Kb2 d3 66. Qe1 Qc2+ 67. Ka3 d2 68. Rb6+ Rd6 69. Rxd6+ Kxd6 70. Qh4 d1Q 71. Qd8+ Kc5 72. Qc7+ Kd4 73. Qd7+ Ke3 0-1

[Event "Asia-ch U20"]
[Site "Waskaduwa"]
[Date "2021.12.21"]
[Round "7"]
[White "Samaranayake, Pamok Methdinu"]
[Black "Yoosuf, Waseem Ahmed"]
[Result "1-0"]
[WhiteElo "1114"]
[BlackElo "1177"]
[PlyCount "93"]
[EventDate "2021.12.17"]
[EventType "swiss"]
[EventRounds "9"]
[EventCountry "SRI"]
[SourceTitle "CBM 206 Extra"]
[Source "ChessBase"]
[SourceDate "2022.03.31"]
[SourceVersion "1"]
[SourceVersionDate "2022.03.31"]
[SourceQuality "1"]

1. e4 e6 2. d4 d5 3. e5 c5 4. c3 Qb6 5. Nf3 Nc6 6. a3 c4 7. Nbd2 Na5 8. Rb1 Bd7 9. Be2 Rc8 10. 0-0 Qc6 11. b4 cxb3 12. Nxb3 Nxb3 13. Qxb3 b6 14. Bd2 Qa4 15. Qxa4 Bxa4 16. Bb5+ Bxb5 17. Rxb5 Rc4 18. Rfb1 Nh6 19. Ne1 Be7 20. Nd3 Nf5 21. Nb2 Rc6 22. a4 a6 23. Rb3 0-0 24. Nd3 Rb8 25. Kf1 g6 26. Ke2 b5 27. R3b2 Rcb6 28. g4 Ng7 29. Be3 Kf8 30. Nc5 Ke8 31. Bh6 Bf8 32. h3 Kd8 33. Kd3 Kc7 34. axb5 axb5 35. Ra1 Kd8 36. Ra7 Ke8 37. Nd7 R6b7 38. Nxb8 Rxa7 39. Rxb5 Rc7 40. Na6 Ra7 41. Rb8+ Ke7 42. Bg5+ Kd7 43. Rd8+ Kc6 44. Nb8+ Kc7 45. Rxf8 Ra8 46. Rxf7+ Kxb8 47. Rxg7 1-0

[Event "SRI-ch U14 Girls"]
[Site "Nugegoda"]
[Date "2021.03.14"]
[Round "10"]
[White "Samaranayake, Pamok Methdinu"]
[Black "Sanudula, KM Dahamdi"]
[Result "0-1"]
[WhiteElo "1085"]
[BlackElo "1687"]
[PlyCount "66"]
[EventDate "2021.03.09"]
[EventType "tourn"]
[EventRounds "11"]
[EventCountry "SRI"]
[SourceTitle "CBM 201 Extra"]
[Source "ChessBase"]
[SourceDate "2021.05.31"]
[SourceVersion "1"]
[SourceVersionDate "2021.05.31"]
[SourceQuality "1"]

1. e4 d5 2. exd5 Qxd5 3. Nc3 Qa5 4. b4 Qxb4 5. Rb1 Qd6 6. Nf3 c6 7. d4 Nf6 8. h3 Nbd7 9. Bd3 g6 10. 0-0 Bg7 11. Rb3 Nb6 12. Ba3 Qc7 13. Re1 Be6 14. Rb2 Bh6 15. Ne5 0-0 16. Qf3 Bd2 17. Re2 Bxc3 18. Rb1 Bxd4 19. Ng4 Nxg4 20. hxg4 Nd5 21. Bb2 Bxb2 22. Rxb2 Qf4 23. Qxf4 Nxf4 24. Rd2 Rfd8 25. f3 b5 26. Kf2 Nxd3+ 27. cxd3 Rd4 28. Rbc2 Rad8 29. Rxc6 Rxd3 30. Rxd3 Rxd3 31. Rc2 Ra3 32. g3 Rxa2 33. Rxa2 Bxa2 0-1

[Event "SRI-ch U14 Girls"]
[Site "Nugegoda"]
[Date "2021.03.12"]
[Round "7"]
[White "Samaranayake, Pamok Methdinu"]
[Black "Amarathunga, Kosala Sandeepa Cha"]
[Result "0-1"]
[WhiteElo "1085"]
[BlackElo "1286"]
[PlyCount "88"]
[EventDate "2021.03.09"]
[EventType "tourn"]
[EventRounds "11"]
[EventCountry "SRI"]
[SourceTitle "CBM 201 Extra"]
[Source "ChessBase"]
[SourceDate "2021.05.31"]
[SourceVersion "1"]
[SourceVersionDate "2021.05.31"]
[SourceQuality "1"]

1. e4 e6 2. d4 d5 3. e5 c5 4. c3 Nc6 5. Nf3 Qb6 6. a3 c4 7. Be2 Nge7 8. Qc2 Ng6 9. Be3 Be7 10. Nbd2 Bd7 11. 0-0 Rc8 12. b3 cxb3 13. Nxb3 0-0 14. Rfb1 Qc7 15. Qb2 b6 16. Rc1 Qd8 17. c4 dxc4 18. Rxc4 Nb8 19. Rxc8 Bxc8 20. Rc1 Bb7 21. a4 Nc6 22. Nfd2 Nb4 23. Nc4 Nh4 24. Bf1 Qd5 25. f3 Nf5 26. Bf2 Bg5 27. Re1 Nc6 28. Re4 Be7 29. Bd3 Nb4 30. Bf1 Qd7 31. Re1 Rc8 32. Nbd2 Nd5 33. Ne4 Nb4 34. g4 Bxe4 35. Rxe4 Nh6 36. Be3 Qxa4 37. Bxh6 gxh6 38. Qd2 Qb3 39. d5 Nxd5 40. Qxh6 Qxf3 41. Bg2 Bc5+ 42. Ne3 Bxe3+ 43. Rxe3 Rc1+ 44. Bf1 Rxf1# 0-1